| 000 | 00732nam a22002537a 4500 | ||
|---|---|---|---|
| 003 | CHAP | ||
| 005 | 20220329135630.0 | ||
| 008 | 971013s1963 mx a r 00010 spa d | ||
| 010 | _a39653 | ||
| 011 | _a40625 | ||
| 035 | _a44751 | ||
| 040 | _cCHAP | ||
| 090 | _aFolleto 6558 | ||
| 110 | 2 |
_aE.U.A. Department of Agriculture _934876 |
|
| 245 | 1 | _aAbrevaderos automáticos para ganado | |
| 260 |
_aMéxico, D. F. : _bCentro Regional de Ayuda Técnica, _c1963 |
||
| 300 |
_a10 p. : _bilus. |
||
| 590 |
_aBATCH-UPD _b10 _c20130110 _lUCH01 _h0246 |
||
| 590 |
_aCONVERSION _b10 _c20130109 _lUCH01 _h1322 |
||
| 650 | 1 | 4 |
_aAbrevaderos. _9323 |
| 901 | _aBK | ||
| 942 | _cFOLL | ||
| 949 |
_aFolleto 6558 _bBC _cFOLL _d-102534 _eTS1 _i44751 _mD _si |
||
| 999 |
_c39653 _d39653 |
||